The translation studies reader (0 415 18747 8)

Gorde:
Xehetasun bibliografikoak
Egile nagusia: LAWRENCE VENUTI
Formatua: Liburua
Hizkuntza:Undetermined
Argitaratua: Routledge 2000
Etiketak: Etiketa erantsi
Etiketarik gabe, Izan zaitez lehena erregistro honi etiketa jartzen!
Thư viện lưu trữ: Trung tâm Học liệu Trường Đại học Cần Thơ
LEADER 00402nam a2200145Ia 4500
001 CTU_49381
008 210402s9999 xx 000 0 und d
082 |a 418.02 
082 |b T772 
100 |a LAWRENCE VENUTI 
245 4 |a The translation studies reader (0 415 18747 8) 
245 0 |c LAWRENCE VENUTI 
260 |b Routledge 
260 |c 2000 
980 |a Trung tâm Học liệu Trường Đại học Cần Thơ